Astros WAR Leaders by Year - Statistics

General Stats
  • This quiz has been taken 34 times
  • The average score is 29 of 55
Answer Stats
Year WAR Position Answer % Correct
2019 8.9 3B Alex Bregman
97%
2018 7.9 3B Alex Bregman
97%
2017 7.7 2B Jose Altuve
97%
2016 7.7 2B Jose Altuve
97%
2014 5.5 2B Jose Altuve
97%
2021 7.2 SS Carlos Correa
90%
1998 6.5 2B Craig Biggio
90%
1997 9.4 2B Craig Biggio
90%
1995 6.3 2B Craig Biggio
90%
2023 5.4 RF Kyle Tucker
90%
1996 7.5 1B Jeff Bagwell
83%
1994 8.2 1B Jeff Bagwell
83%
1993 5.4 1B Jeff Bagwell
83%
2024 5.4 DH Yordan Alvarez
83%
2022 6.8 DH Yordan Alvarez
83%
2020 2.2 CF George Springer
79%
1981 5.1 SP Nolan Ryan
79%
2008 6.9 1B Lance Berkman
76%
2006 6.0 1B Lance Berkman
76%
2004 6.0 RF Lance Berkman
76%
2001 6.5 LF Lance Berkman
76%
2015 6.6 SP Dallas Keuchel
66%
2007 6.6 SP Roy Oswalt
62%
2002 6.9 SP Roy Oswalt
62%
2005 8.2 SP Roger Clemens
55%
1979 5.4 SP J.R. Richard
48%
1977 5.6 SP J.R. Richard
48%
1987 5.6 SP Mike Scott
45%
1986 8.2 SP Mike Scott
45%
2013 4.2 C Jason Castro
38%
1984 6.3 LF Jose Cruz
38%
1978 5.3 LF Jose Cruz
38%
2010 5.5 CF Michael Bourn
38%
2009 5.0 CF Michael Bourn
38%
1976 5.9 CF Cesar Cedeno
34%
1975 4.4 CF Cesar Cedeno
34%
1974 5.8 CF Cesar Cedeno
34%
1973 7.4 CF Cesar Cedeno
34%
1972 8.0 CF Cesar Cedeno
34%
2011 3.9 SP Cliff Lee
28%
1988 4.3 1B Glenn Davis
28%
1999 7.9 SP Mike Hampton
28%
2003 5.7 RF Richard Hidalgo
24%
2000 6.3 RF Richard Hidalgo
24%
1989 4.9 3B Ken Caminiti
21%
1992 5.7 CF Steve Finley
21%
1991 5.2 CF Steve Finley
21%
1983 7.4 SS Dickie Thon
17%
1970 4.9 CF Jim Wynn
17%
1982 6.1 SP Joe Niekro
17%
1980 6.2 RF Terry Puhl
17%
1985 5.4 2B Bill Doran
14%
1971 6.1 SP Don Wilson
10%
2012 3.1 SP Lucas Harrell
10%
1990 5.2 SP Danny Darwin
3%
No matching quizzes found
Score Distribution
Percent of People with Each Score
Percentile by Number Answered
Your Score History
You have not taken this quiz